| 000 | | | 04469nmc2a2200000 x 450 |
| 001 | | | c256051d-3c46-4d00-864b-58abd46c495e |
| 005 | | | 20171009125812.0 |
| 100 | ## | $a | 20140513l18341842k l0rusy0189 ca |
| 101 | 0# | $a | rus |
| 102 | ## | $a | RU |
| 200 | 1# | $a | Дело об увольнении директора училищ Эстляндской губернии барона Х. фон Штакельберга за распространение им на уроках закона Божьего учения гернгутской секты и о назначении на эту должность барона В.В. фон Россильона |
| | $j | 1 марта 1834 г. - 29 июля 1842 г. |
| 251 | ## | $c | Дело |
| 300 | ## | $a | Дело |
| 300 | ## | $a | Ориг. заголовок дела: Дело по донесению попечителя Дерптского учебного округа, касательно производимого директором Ревельской гимназии бароном фон Стахельбергом учения закона божьего в тамошней гимназии. 1 марта 1834 г. - 4 июля 1835 г |
| 801 | #0 | $a | RU |
| | $b | РГИА |
| | $c | 20140513 |
| | $g | RCR |
| 801 | #1 | $a | RU |
| | $b | ГлавНИВЦ |
| | $c | 20140513 |
| | $2 | rusmarc |
| 801 | #2 | $a | RU |
| | $b | ПБ им. Б.Н. Ельцина |
| | $c | 20171009 |
| | $g | RCR |
| | $2 | rusmarc |
| 850 | ## | $a | РГИА |
| 852 | ## | $a | РГИА |
| | $e | Федеральное казенное учреждение "Российский государственный исторический архив" (РГИА) |
| | $j | 599 |
| 937 | ## | $h | РГИА |
| | $d | 11175626 |
| | $a | ASBIBLIO_SCAN |
| 462 | #0 | $1 | 0015faafd89-1df2-4e8f-a0ba-1d8a620713c6 |
| | $1 | 2001 |
| | $a | Дела Департамента народного просвещения по Дерптскому учебному округу за 1802-1836 гг. |
| | $1 | 251 |
| | $c | Опись |
| | $1 | 852 |
| | $j | 56 |
| 461 | #0 | $1 | 001a74412a3-3cc5-4d21-8f0a-dfe2fbd9e72d |
| | $1 | 2001 |
| | $a | Департамент народного просвещения Министерства народного просвещения (1803-1917) |
| | $1 | 251 |
| | $c | Фонд |
| | $1 | 852 |
| | $j | 733 |
| 215 | ## | $a | 260 л. |
| | $d | 36,5х26 см |
| 371 | ## | $a | Документ не является опубликованным и широко распространяемым |
| 105 | ## | $a | y### |
| 122 | 2# | $a | d |
| 517 | 1# | $a | Дело по донесению попечителя Дерптского учебного округа, касательно производимого директором Ревельской гимназии бароном фон Стахельбергом учения закона божьего в тамошней гимназии. 1 марта 1834 г. - 4 июля 1835 г. |
| 035 | ## | $a | c256051d-3c46-4d00-864b-58abd46c495e |
| 856 | ## | $u | http://readingroom.main.prlib.ru/item.aspx?id_node=n106589989&mode=full |